000 01117 a2200169 4500
003 Nust
005 20230120151922.0
040 _cNust
082 _a808.81,WEB
100 _aWebb,W T
_9107267
245 _aSelections from Words worth /
_cW T Webb M .A
260 _aLondon
_bMacmillan
300 _a214:p
505 _aGeneral Introduction (Page-ix), Poems- Lines written in Early Spring (Page-1), There was a boy (Page-2), Nutting (Page-3), Luey (Page-5), Hart-leap Well (Page-6),To the Cuckoo (Page-13), To a Butterfly (Page-15), To the Small Celandine (Page-16), On the Extiction of the Venetian Republic (Page-18), To the Daisy (Page-19), Stepping Westward (Page-21), Rob Roy;s Grave (Page-23), To the Men of kent (Page-27), The Daffodils (Page-27), The Affliction of Margaret (Page-28), To Sleep (Page-33), To a Sky lark (Page-34), The Primrose of the Rock (Page-36), It is a Beauteous Evening (Page-55), When I have born in Memory (Page-55), Ode to Duty (Page-61), Character of the Happy Warrior (Page-65), Personal Talk (Page-68), Admonition (Page-70).
650 _aPoetry
_929982
942 _2ddc
_cBK
999 _c186814
_d186814